UBT Library

Introducing literature (Record no. 44003)

000 -LEADER
fixed length control field 00652nim a2200253 a 4500
001 - CONTROL NUMBER
control field 5627822
005 - DATE AND TIME OF LATEST TRANSACTION
control field 20180302053348.0
007 - PHYSICAL DESCRIPTION FIXED FIELD--GENERAL INFORMATION
fixed length control field ssulunjlcnnnu
008 - FIXED-LENGTH DATA ELEMENTS--GENERAL INFORMATION
fixed length control field 910211s1989 caunnn r pf eng
010 ## - LIBRARY OF CONGRESS CONTROL NUMBER
LC control number 91740166
020 ## - INTERNATIONAL STANDARD BOOK NUMBER
International Standard Book Number 0021969809
028 02 - PUBLISHER NUMBER
Publisher number G19698.03/7
Source Glencoe Pub. Co.
040 ## - CATALOGING SOURCE
Original cataloging agency DLC
Transcribing agency DLC
041 ## - LANGUAGE CODE
Language code of text/sound track or separate title eng
080 ## - UNIVERSAL DECIMAL CLASSIFICATION NUMBER
Universal Decimal Classification number 82 BER
082 ## - DEWEY DECIMAL CLASSIFICATION NUMBER
Classification number 82 BER
100 ## - Rafti
Rafti 21
101 ## - Shkurtesa
Shkurtesa GJL
245 00 - TITLE STATEMENT
Title Introducing literature
306 ## - PLAYING TIME
Playing time 024500
511 0# - PARTICIPANT OR PERFORMER NOTE
Participant or performer note Read by professional actors or by the authors themselves.
906 ## - LOCAL DATA ELEMENT F, LDF (RLIN)
a 7
b cbc
c orignew
d 2
e ncip
f 19
g y-genmusic
942 ## - ADDED ENTRY ELEMENTS (KOHA)
Source of classification or shelving scheme
Item type Books
Holdings
Withdrawn status Lost status Source of classification or shelving scheme Damaged status Not for loan Collection code Permanent location Current location Shelving location Date acquired Total Checkouts Full call number Barcode Date last seen Price effective from Koha item type
          Koleksioni i përgjithshem UBT - Lipjan UBT - Lipjan Koleksioni i përgjithshem 03/02/2018   82 BER 002-3000468 03/02/2018 03/02/2018 Books
UBT Library © 2015-2024. All rights reserved University Education for Business and Technology